<?xml version="1.0" encoding="UTF-8"?>
<record
    xmlns:xsi="http://www.w3.org/2001/XMLSchema-instance"
    xsi:schemaLocation="http://www.loc.gov/MARC21/slim http://www.loc.gov/standards/marcxml/schema/MARC21slim.xsd"
    xmlns="http://www.loc.gov/MARC21/slim">

  <leader>00711nam a22001577a 4500</leader>
  <controlfield tag="003">OSt</controlfield>
  <controlfield tag="005">20151110153513.0</controlfield>
  <controlfield tag="008">151106b        xxu||||| |||| 00| 0 eng d</controlfield>
  <datafield tag="040" ind1=" " ind2=" ">
    <subfield code="c">RUA</subfield>
  </datafield>
  <datafield tag="082" ind1=" " ind2=" ">
    <subfield code="a">FOR TEK 1999 B125 Or.1</subfield>
  </datafield>
  <datafield tag="100" ind1=" " ind2=" ">
    <subfield code="9">3466</subfield>
    <subfield code="a">TEK, TOP.</subfield>
  </datafield>
  <datafield tag="245" ind1=" " ind2=" ">
    <subfield code="a">Analysis of tiber and non -timber forest products collected by villagers in snam prampi from bokor national park, &#x1780;&#x17B6;&#x179A;&#x179C;&#x17B7;&#x1797;&#x17B6;&#x1782;&#x1795;&#x179B; &#x17A2;&#x1793;&#x17BB;&#x1795;&#x179B;&#x1796;&#x17D2;&#x179A;&#x17C3;&#x1788;&#x17BE;&#x178A;&#x17C2;&#x179B;&#x1794;&#x17D2;&#x179A;&#x1787;&#x17B6;&#x1787;&#x1793;&#x1793;&#x17C5;&#x1780;&#x17D2;&#x1793;&#x17BB;&#x1784;&#x1797;&#x17BC;&#x1798;&#x17B7;&#x179F;&#x17D2;&#x1793;&#x17C6;&#x1794;&#x17D2;&#x179A;&#x17B6;&#x17C6;&#x1796;&#x17B8;&#x179A;&#x1794;&#x17D2;&#x179A;&#x1798;&#x17BC;&#x179B;&#x1794;&#x17B6;&#x1793;&#x1796;&#x17B8;&#x17A7;&#x1791;&#x17D2;&#x1799;&#x17B6;&#x1793;&#x1787;&#x17B6;&#x178F;&#x17B7;&#x1794;&#x17BC;&#x1780;&#x1782;&#x17C4;</subfield>
  </datafield>
  <datafield tag="260" ind1=" " ind2=" ">
    <subfield code="a">Phnom penh</subfield>
    <subfield code="b">RUA</subfield>
    <subfield code="c">1999</subfield>
  </datafield>
  <datafield tag="300" ind1=" " ind2=" ">
    <subfield code="a">61p.</subfield>
    <subfield code="b">ill.</subfield>
    <subfield code="c">29cm.</subfield>
  </datafield>
  <datafield tag="942" ind1=" " ind2=" ">
    <subfield code="2">ddc</subfield>
    <subfield code="c">FOR</subfield>
  </datafield>
  <datafield tag="999" ind1=" " ind2=" ">
    <subfield code="c">3236</subfield>
    <subfield code="d">3236</subfield>
  </datafield>
  <datafield tag="952" ind1=" " ind2=" ">
    <subfield code="0">0</subfield>
    <subfield code="1">0</subfield>
    <subfield code="2">ddc</subfield>
    <subfield code="4">0</subfield>
    <subfield code="6">FOR_TEK_1999_000000000000000_B125_OR_1</subfield>
    <subfield code="7">0</subfield>
    <subfield code="9">15172</subfield>
    <subfield code="a">LBB</subfield>
    <subfield code="b">LBB</subfield>
    <subfield code="c">B125</subfield>
    <subfield code="d">2015-11-06</subfield>
    <subfield code="o">FOR TEK 1999 B125 Or.1</subfield>
    <subfield code="p">RUA032410</subfield>
    <subfield code="r">2015-11-06</subfield>
    <subfield code="w">2015-11-06</subfield>
    <subfield code="y">FOR</subfield>
  </datafield>
  <datafield tag="952" ind1=" " ind2=" ">
    <subfield code="0">0</subfield>
    <subfield code="1">0</subfield>
    <subfield code="2">ddc</subfield>
    <subfield code="4">0</subfield>
    <subfield code="6">FOR_TEK_1999_000000000000000_B125_OR_2</subfield>
    <subfield code="7">0</subfield>
    <subfield code="9">15365</subfield>
    <subfield code="a">LBB</subfield>
    <subfield code="b">LBB</subfield>
    <subfield code="c">B125</subfield>
    <subfield code="d">2015-11-10</subfield>
    <subfield code="o">FOR TEK 1999 B125 Or.2</subfield>
    <subfield code="p">RUA007215</subfield>
    <subfield code="r">2015-11-10</subfield>
    <subfield code="w">2015-11-10</subfield>
    <subfield code="y">FOR</subfield>
  </datafield>
  <datafield tag="952" ind1=" " ind2=" ">
    <subfield code="0">0</subfield>
    <subfield code="1">0</subfield>
    <subfield code="2">ddc</subfield>
    <subfield code="4">0</subfield>
    <subfield code="6">FOR_TEK_1999_000000000000000_B125_OR_3</subfield>
    <subfield code="7">0</subfield>
    <subfield code="9">15366</subfield>
    <subfield code="a">LBB</subfield>
    <subfield code="b">LBB</subfield>
    <subfield code="c">B125</subfield>
    <subfield code="d">2015-11-10</subfield>
    <subfield code="l">1</subfield>
    <subfield code="m">1</subfield>
    <subfield code="o">FOR TEK 1999 B125 Or.3</subfield>
    <subfield code="p">RUA007227</subfield>
    <subfield code="r">2019-04-02</subfield>
    <subfield code="s">2019-02-08</subfield>
    <subfield code="w">2015-11-10</subfield>
    <subfield code="y">FOR</subfield>
  </datafield>
</record>
